Countries that end with letter "I" - Statistics

General Stats
  • This quiz has been taken 315 times
    312 since last reset
  • The average score is 8 of 9
Answer Stats
Hint Answer % Correct
Oceania Fiji
95%
Americas Haiti
95%
Oceania Kiribati
92%
Africa Mali
91%
Africa Djibouti
90%
Africa Eswatini
90%
Africa Malawi
90%
Africa Burundi
86%
Asia Brunei
83%
No matching quizzes found
Score Distribution
Percent of People with Each Score
Percentile by Number Answered
Your Score History
You have not taken this quiz since the last reset